| 000 | 00680nam a2200193Ia 4500 | ||
|---|---|---|---|
| 008 | 240729s9999 xx 000 0 und d | ||
| 022 | _a1989-4007 | ||
| 245 | 0 | _aEuropean Journal of Psychology Applied to Legal Context | |
| 260 | _aSpain | ||
| 260 | _bSociedad Española de PsicologÃa JurÃdica y Forense | ||
| 650 | _a Comparative law. International uniform law | ||
| 650 | _a Criminal law and procedure | Philosophy. Psychology. Religion | ||
| 650 | _a Law in general. Comparative and uniform law. Jurisprudence | ||
| 650 | _a Psychology | ||
| 650 | _aLaw | ||
| 856 | _uhttps://doaj.org/toc/36e9f60dd5b040749e748155b09f1010 | ||
| 942 | _2ddc | ||
| 942 | _cDOAJEJ | ||
| 999 |
_c68708 _d68708 |
||
| 945 |
_a1 _bMadushi Gamage _c1 _dMadushi Gamage |
||